| 000 | 004360000a22001930004500 | ||
|---|---|---|---|
| 999 |
_c48877 _d48877 |
||
| 001 | 1719 | ||
| 003 | CO-MdFUSB | ||
| 005 | 20171107150149.0 | ||
| 008 | 171107b xxu||||| |||| 00| 0 eng d | ||
| 020 | _a950-852-014-0 | ||
| 040 | _cCO-MdBIC | ||
| 082 | 0 | 4 | _a863N Sa133t |
| 245 | 1 | 0 | _aEl túnel / Ernesto Sábato |
| 250 | _a9a ed. | ||
| 260 | _aBogotá : Planeta | ||
| 300 | _a195 P. | ||
| 650 | 1 | 4 | _aNovela Argentina |
| 942 | _cLGB | ||